Learn Italian day/months - Statistics

General Stats
  • This quiz has been taken 13 times
  • The average score is 14 of 19
Answer Stats
English Italian / Italiano % Correct
August Agosto
100%
December Dicembre
100%
November Novembre
100%
April Aprile
89%
March Marzo
89%
Thursday Giovedì
78%
Monday Lunedì
78%
Tuesday Martedì
78%
Wednesday Mercoledì
78%
October Ottobre
78%
May Maggio
67%
Saturday Sabato
67%
September Settembre
67%
Friday Venerdì
67%
Sunday Domenica
56%
February Febbraio
56%
January Gennaio
44%
June Giugno
44%
July Luglio
44%
No matching quizzes found
Score Distribution
Percent of People with Each Score
Percentile by Number Answered
Your Score History
You have not taken this quiz